| 000 | 00438nam a22001577a 4500 | ||
|---|---|---|---|
| 003 | LK-CoDNM | ||
| 005 | 20240919113249.0 | ||
| 008 | 240731b |||||||| |||| 00| 0 eng d | ||
| 040 |
_aLK-CoDNM _dLK-CoDNM _eLK-CoDNM |
||
| 041 | _aeng | ||
| 080 | _bGP1979st-01 | ||
| 245 |
_aStatistical Abstract of Ceylon-1979 _bVolume 1 |
||
| 260 |
_aColombo _bDepartment of census and statistic _c1979 |
||
| 300 | _bxxviii, 515p. ; 27 cm | ||
| 942 | _cBK | ||
| 999 |
_c146159 _d146159 |
||